000 01110nam a22002417a 4500
005 20080709130440.0
008 080709t xxu||||| |||| 00| e hin d
010 _aHIN-83803
020 _a8189264486
_c150.00
035 _aHN-56149
037 _bDBAD / PUB
040 _aDPL
_bHN
082 _a824 / ब्रह्मचा
100 _aब्रह्मचारी, डी.आर.
245 _aऔर इस तरह /
_cब्रह्मचारी, डी.आर.
246 _aAur is tarah
_bBy D.R.Brahamchari
260 _aदिल्ली
_bमीनाक्षी प्रकाशन
_c2006
270 _aएम.बी.32/2बी, गली नं.2, शकरपुर
_bदिल्ली
_e110092
300 _a104पृ
_c22सेमी(सजिल्द)
650 _aHindi Essays
942 _2ddc
_cHN
_h824
_mब्रह्मचा
999 _c14340
_d14340